000
00316nam a22001457a 4500
005
20160701112243.0
008
160701b xxu||||| |||| 00| 0 eng d
041
_a
eng
082
_b
20303
245
_a
The mines rules 1955
260
_b
geeta
300
_a
145
650
_a
Diploma Engineering
_9
817
942
_c
BK
999
_c
5042
_d
5040